Rèn luyện kĩ năng giải toán vật lí 10

Nội dung gồm 3 phần 8 chương: cơ học; nhiệt học; hướng dẫn giải và đáp số môn vật lí lớp 10

Tallennettuna:
Bibliografiset tiedot
Päätekijä: Mai, Chánh Trí
Aineistotyyppi: Kirja
Kieli:Undetermined
Julkaistu: Hà Nội Giáo dục Việt Nam 2013
Aiheet:
Tagit: Lisää tagi
Ei tageja, Lisää ensimmäinen tagi!
Thư viện lưu trữ: Trung tâm Học liệu Trường Đại học Cần Thơ
LEADER 00802nam a2200217Ia 4500
001 CTU_191628
008 210402s9999 xx 000 0 und d
020 |c 43000 
082 |a 530.0712 
082 |b Tr300 
100 |a Mai, Chánh Trí 
245 0 |a Rèn luyện kĩ năng giải toán vật lí 10 
245 0 |c Mai Chánh Trí 
260 |a Hà Nội 
260 |b Giáo dục Việt Nam 
260 |c 2013 
520 |a Nội dung gồm 3 phần 8 chương: cơ học; nhiệt học; hướng dẫn giải và đáp số môn vật lí lớp 10 
650 |a Physics,Vât lý 
650 |x Study and teaching (Sacondary),Học và giảng dạy (trung học) 
904 |i Bằng 
980 |a Trung tâm Học liệu Trường Đại học Cần Thơ